000 00586nam a2200229Ia 4500
003 OSt
005 20220918212133.0
006 a|||||r|||| 00| 0
007 ta
008 220917b |||||||| |||| 00| 0 eng d
024 _a127,388
037 _cTextual
040 _aARTS
_cARTS
_beng
041 _2eng
_aeng
082 _aX0Y1, K6
100 _aPen J
_9122606
245 0 _aHarmony and conflict in modern society tr from the Dutch by Trevor S Preston
260 _c1966
650 _aECONOMICS
942 _hX0Y1, K6
_cTEXL
_2CC
999 _c250530
_d250530